Responses for show #5421 - Monday, March 17, 2008

Contestants

Kristina Caffrey, a college student from Albuquerque, New Mexico

Glen Segal, an attorney from Ladera Ranch, California

Renée Mathis, a homeschool mom from Houston, Texas (whose 1-day cash winnings total $27,201)

Jeopardy! Round responses

SIR ARTHUR CONAN DOYLE
SHERLOCK HOLMES
ELEMENTARY
MY DEAR WATSON
THE SIGN OF THE FOUR
THE "RED" HEADED LEAGUE
    $200 26
Edinburgh

Kristina
    $200 16
(Basil) Rathbone

Renée
    $200 6
gold

Renée
    $200 11
(Alexander Graham) Bell

Renée
    $200 21
Great Britain

Kristina
    $200 1
heredity

Renée
    $1,000 27
medicine

Kristina
    $400 17
(Peter) O'Toole

Renée
    $400 7
xenon

Glen
    $400 12
California

Glen
    $400 22
the space-time continuum

Triple Stumper
    $400 2
hundred

Glen
    $600 28
(Alex: This is kind of a toughie. The sport was [*].)

cricket

Triple Stumper
    $600 18
Gene Wilder

Renée
    $600 8
plutonium

Renée
    $600 13
Tom Watson

Renée
    $600 23
Death

Renée
    $600 3
credit

Renée
    $800 29
Harry Houdini

Triple Stumper
    $800 19
Roger Moore

Kristina
    $800 9
(Kristina: What is iridium?)

iodine

RenéeKristina
    $800 14
the Royal Observatory in Greenwich

Glen
    $800 24
delta

Renée
    $800 4
hatred

Kristina
    $1000 30
Edgar Allan Poe

Kristina
    $1000 20
Barry Levinson

Glen
    $1000 10
aluminum

Glen
    $1000 15
(Alex: Right, and I think, if I'm not mistaken, that we had no incorrect responses so far, and as a result, all three of you are on the plus side with good responses and an opportunity to win the game. We'll come back and chat with the three of you after this.)
[Alex was mistaken; Kristina gave an incorrect response on clue 9.]

Sophocles

Kristina
    $1000 25
a quadrille

Renée
    $1000 5
infrared

Glen

Scores at the first commercial break (after clue 15):

Renée Glen Kristina
$3,200 $4,000 $1,000

Scores at the end of the Jeopardy! Round:

Renée Glen Kristina
$6,800 $5,000 $4,200

Double Jeopardy! Round responses

19th CENTURY NAMES
IRISH SONGS
THE NEXT NATION IN ALPHABETICAL ORDER
HERE'S A MELANGE POUR VOUS
BOOKS OF THE BIBLE
THE COURAGE TO "B"
    $400 1
Jack the Ripper

Renée
    $400 16
(Glen: What's a lullaby?)
(Alex: Be more specific.)

an Irish lullaby

Glen
    $400 17
Turkmenistan

Kristina
    $400 26
Typhoid Mary

Glen
    $400 2
Luke

Renée
    $400 7
base

Glen
    $800 12
Tchaikovsky

Renée
    $800 19
"When Irish Eyes Are Smiling"

Triple Stumper
    $800 18
Algeria

Renée
    $800 27
marriage

Renée
    $800 3
Exodus

Renée
    $800 8
bones

Glen
    $1200 13
Doc Holliday

Renée
    $1200 20
Irish rose

Renée
    $3,000 23
China

Kristina
    $1200 28
dilly-dally

Glen
    $1200 4
the Romans

Renée
    $1200 9
the Boy Scouts

Renée
    $1600 14
(Admiral David) Farragut

Triple Stumper
    $1600 21
Erin Go Bragh

Renée
    $1600 24
Hungary

Triple Stumper
    $1600 29
the Taliban

Glen
    $1600 5
(Glen: What is Job?)
(Kristina: Uh... What is Bra?)

Obadiah

GlenKristina
Triple Stumper
    $2,000 10
the Boer War

Renée
    $2000 15
(George) Eliot

Kristina
    $2000 22
the Londonderry Air

Kristina
    $2000 25
(Kristina: Um, oh, shoot.)
(Alex: Hurry. Oh, darn.)

Rwanda

Kristina
Triple Stumper
    $2000 30
(Renée: Who was Vulcan?)

Hephaestus

RenéeKristina
    $2000 6
Judges

Glen
    $2000 11
(Alex: [*], in Thailand, yes.)

Bangkok

Kristina

Scores at the end of the Double Jeopardy! Round:

Renée Glen Kristina
$17,200 $10,200 $12,000

[wagering suggestions for these scores]

Final Jeopardy! Round responses

BOOK TITLE REFERENCES
GlenWhat is Slaughterhouse 5?
$3,500
KristinaWhat is Slaughterhouse Five?
$11,000
RenéeWhat is the hanoi hilton
$6,801
Slaughterhouse 5

Final scores:

Renée Glen Kristina
$10,399 $13,700 $23,000
3rd place: $1,000 2nd place: $2,000 New champion: $23,000

Game dynamics:

Coryat scores:

Renée Glen Kristina
$16,800 $10,200 $9,600
25 R
(including 1 DD),
1 W
14 R,
1 W
13 R
(including 2 DDs),
3 W

Combined Coryat: $36,600

The J! Archive is created by fans, for fans. The Jeopardy! game show and all elements thereof, including but not limited to copyright and trademark thereto, are the property of Jeopardy Productions, Inc. and are protected under law. This website is not affiliated with, sponsored by, or operated by Jeopardy Productions, Inc. Join the discussion at JBoard.tv.